| 000 | 00747cam1a220024100 4500 | ||
|---|---|---|---|
| 001 | tmp15763909 | ||
| 003 | UPRA | ||
| 005 | 20190822112148.0 | ||
| 008 | 951023s1977 xx eng u | ||
| 035 | _a(Sirsi) r44126 | ||
| 035 | _a(UPRA)tmp15763909 | ||
| 040 | _cUPRA | ||
| 100 | 1 |
_aMoore, S. F. _6A1719.1 |
|
| 245 | 1 | 4 | _aThe Chagga and Meru of Tanzania. |
| 260 | _c1977. | ||
| 949 |
_aGN655 _wlcc _i33729000406137 _mMAIN _tBOOK _lON-SHELF |
||
| 949 |
_aGN655 _wlcc _i-54604 _mMAIN _tBOOK _lON-SHELF |
||
| 949 |
_aGN655 _wlcc _i-54605 _mMAIN _tBOOK _lON-SHELF |
||
| 949 |
_aGN655 _wlcc _i-54606 _mMAIN _tBOOK _lON-SHELF |
||
| 949 |
_aGN655 _wlcc _i-54607 _mMAIN _tBOOK _lON-SHELF |
||
| 004 | 44126 | ||
| 987 |
_aHoldings : unreadable? _bcutters unreadable? |
||
| 999 |
_c132795 _d132795 |
||